LEADER 01038nam a2200253 4500 001 000000365642 003 CaOOAMICUS 005 20251215113222.0 008 251210s1982 it 000 u ita r 040 $aSeMil$bita 100 1 $aConstant, Benjamin,$d<1767-1830>.$0(OLS)http://semarc/name/9003 245 10$aAntologia di scritti politici /$cConstant Benjamin ; a cura di Antonio Zanfarino. 250 $aNuova ed. 264 1$aBologna :$bIl Mulino,$c1982. 300 $a207 p. ;$c19 cm 490 1 $aIl pensiero moderno / Politica ;$v35 700 1 $aZanfarino, Antonio.$0(OLS)http://semarc/name/35028 830 3$aIl pensiero moderno. Politica ;$v35.$0(OLS)http://semarc/title/456320 850 $aSeMil 852 $aSeMil$W1$xVenegono$y1$m2G I 33$j265414$B256462$CSeMilBibl$Z2$F256462 $81 961 $aBuzzi mons. Franco - Omaggio 996 $6245$aAntologia di scritti politici$9(OLS)http://semarc/title/457400 996 $6264$aBologna :$bIl Mulino$9(OLS)http://semarc/publisher/29842 LEADER 01149nam a2200265 i 4500 001 000000168374 003 CaOOAMICUS 005 20080109000000.0 008 080109s1966 it u000 u ita u 013 $a145776 040 $aSeMil$bita 100 1 $aConvegno di Studi Filosofici Cristiani tra Professori Universitari <16. ; 1961>.$0(OLS)http://semarc/name/57923 245 13$aIl problema dell'ateismo /$cL. Bagolini ... [et al.]. 260 $aBrescia :$bMorcelliana,$c1966. 300 $a311 p. ;$c26 cm. 500 $aIn testa al front. : Centro di Studi Filosofici di Gallarate. - Fondo Card. Giovanni Colombo. 650 4$aFilosofia - Atti di congressi.$0(OLS)http://semarc/subject/57 650 4$aAteismo - Filosofia.$0(OLS)http://semarc/subject/1151 700 1 $aBagolini, Luigi.$0(OLS)http://semarc/name/46373 850 $aSeMil 852 $aSeMil$W1$xVenegono$y1$m2P V 567$j119456$B119456$CSeMilBibl$Z2$F130369 $81 941 1 $a3 961 $aLascito: Colombo Card. Giovanni 996 $6245$aIl problema dell'ateismo$9(OLS)http://semarc/title/60944 996 $6260$aBrescia :$bMorcelliana$9(OLS)http://semarc/publisher/29629